Deutschland - Allgemeinwissen #4 - Statistiken

Allgemein
  • Dieses Quiz wurde 7.652 mal gespielt
    7.608 seit der letzten Aktualisierung
  • Das Durchschnittsergebnis liegt bei 12 aus 19
Antwortstatistiken
Frage Antwort % Korrekt
Wie heißt die größte Stadt im Ruhrgebiet? Dortmund
86%
Wie nennt man das berühmte deutsche Volksfest, das jedes Jahr in München stattfindet und Millionen Besucher anzieht? Oktoberfest
86%
Welcher deutsche Wissenschaftler entwickelte die Relativitätstheorie? Albert Einstein
84%
Welche drei Flüsse bilden das sogenannte „Dreiflüsse-Eck“ in Passau? Donau
82%
In welchem Bundesland liegt die Lüneburger Heide? Niedersachsen
82%
Welcher deutsche Automobilhersteller hat seinen Sitz in Ingolstadt? Audi
76%
Welcher deutsche Komponist schrieb die "Neunte Symphonie"? Ludwig van Beethoven
76%
Wie heißt die höchste Erhebung im Harz? Brocken
75%
Welcher ehemalige deutsche Fußballer ist auch bekannt als der "Kaiser"? Franz Beckenbauer
73%
Welcher US-amerikanische Präsident hielt 1963 in Berlin die berühmte Rede, die mit dem Satz ‚Ich bin ein Berliner‘ endete? John F. Kennedy
73%
Welche deutsche Insel in der Nordsee ist für ihre langen Sandstrände, die reetgedeckten Häuser und den „Ellenbogen“, den nördlichsten Punkt Deutschlands, bekannt? Sylt
72%
Welche deutsche Stadt liegt an der Mündung des Flusses Weser in die Nordsee? Bremerhaven
60%
Welche drei Flüsse bilden das sogenannte „Dreiflüsse-Eck“ in Passau? Inn
57%
Welcher deutsche Reichspräsident unterschrieb 1933 das „Ermächtigungsgesetz“, das Hitler nahezu alle politischen Vollmachten verlieh? Paul von Hindenburg
54%
Welche Stadt war 800 n. Chr. unter Karl dem Großen seine bevorzugte Residenzstadt? Aachen
42%
Wer war der erste Bundespräsident nach dem Zweiten Weltkrieg? Theodor Heuss
24%
In welchem Jahr fand der Westfälische Frieden statt? 1648
22%
Welcher ist der tiefste vollständig in Deutschland gelegene See? Königssee
13%
Welche drei Flüsse bilden das sogenannte „Dreiflüsse-Eck“ in Passau? Ilz
12%
Keine übereinstimmenden Quizze gefunden
Verteilung der Resultate
Anzahl Personen mit jedem Resultat
Perzentil nach korrekt beantworteten Fragen
Ihre Resultats-Entwicklung
Sie haben dieses Quiz seit der letzten Aktualisierung nicht gespielt